| 000 | 00457 a2200169 4500 | ||
|---|---|---|---|
| 999 |
_c5646 _d5646 |
||
| 020 | _a9780174387312 | ||
| 050 | _aQC 5 HUT 2000 | ||
| 100 |
_aHutchings Robert _eauthor |
||
| 245 |
_aPhysics/ _cRobert Hutchings |
||
| 250 | _a2nd ed. | ||
| 264 |
_aCheltenham: _bMacMillan Education Ltd, _c2000 |
||
| 300 |
_a579p.: _bill.(col.) |
||
| 440 | _aBath Advanced Science Series | ||
| 500 | _aIncludes index | ||
| 650 | _aPhysics | ||
| 942 |
_2lcc _cBK _e2nd _h5 _iHUT _kQC |
||